|
|
|
|
| LEADER |
00623 a2200169 4500 |
| 008 |
150103s9999 000 0 eng |
| 020 |
|
|
|a 0521278961
|
| 082 |
|
|
|a 812.5209
|
| 100 |
|
|
|a Bigsby, C.W. E.
|
| 245 |
|
|
|a Critical introduction to twentieth century american drama/
|
| 260 |
|
|
|a New York:
|b Cambridge University press,
|c c1985.
|
| 300 |
|
|
|a 485 p.
|
| 500 |
|
|
|a American Drama (V3)
|
| 650 |
|
|
|a American drama-20th century
|
| 942 |
|
|
|c BK
|
| 999 |
|
|
|c 301435
|d 301435
|
| 952 |
|
|
|0 0
|1 0
|2 ddc
|4 0
|6 812_520900000000000_BIG_CR_3
|7 0
|9 344742
|a DRA
|b DRA
|c ST1
|d 2010-08-27
|h vol.3
|i 4817
|l 0
|o 812.5209 BIG/CR.3
|p DRA4817
|r 2010-08-27
|w 2010-08-27
|y BK
|